| 000 | 00442nam a22001817a 4500 | ||
|---|---|---|---|
| 003 | MPLRDC | ||
| 005 | 20220104114204.0 | ||
| 008 | 210129b ||||| |||| 00| 0 eng d | ||
| 020 | _a962-04-0633-8 | ||
| 082 | _a782.879 PY-7 | ||
| 100 | _a单士元 编著 | ||
| 245 |
_a小朝廷时代的溥仪 _c |
||
| 250 | _a一版一刷 | ||
| 260 |
_a _b南粤出版社 _c1988 |
||
| 300 | _b平 | ||
| 650 | _a溥仪传记 | ||
| 942 |
_cBK _o782.879 PY-7 |
||
| 999 |
_c5526 _d5516 |
||